| 000 | 01711nam a2200373 c 4500 | ||
|---|---|---|---|
| 003 | BLK | ||
| 005 | 20190424123322.0 | ||
| 008 | 180412b bul|||||r ||||||| ||bul|| | ||
| 010 | _aKNG00000435000 | ||
| 020 |
_a954-404-022-6 _bиздат.: Ведрина |
||
| 040 | _aBLK | ||
| 041 |
_aBUL _cBUL |
||
| 080 |
_aПрирода. Изучаване и опазване на природната среда. Опазване на растителния и животинския свят. Вж и 55/59 _b502 _x(031) _z502(031) |
||
| 100 | 1 |
_aДенков, Веселин Младенов _eпърви автор _9242077 |
|
| 700 | 1 |
_aХаджииванова, Кристина _eсъавт. _9242078 |
|
| 139 |
_aДенков, Веселин Младенов и др. _bД 43 |
||
| 245 | 1 | 0 |
_aЕнциклопедия на младия природолюбител _cВеселин Младенов Денков; съавт. Кристина Хаджииванова. |
| 257 | _aBGR | ||
| 260 |
_аСофия _bВедрина _c1992 |
||
| 300 |
_a160 с. _bс цв. ил. _c29 см |
||
| 380 | _a5 | ||
| 490 | 1 | _aКакъв да стана | |
| 500 | _aОфс. изд. - 28 000 тир. - Азбучник на раст. и животинските видове и породи. | ||
| 650 | 4 |
_aПриродознание - енциклопедии, детски _9242079 |
|
| 653 | _aприродознание | ||
| 653 | _aенциклопедии | ||
| 653 | _aдетска литература | ||
| 653 | _aлитература за деца | ||
| 852 | _aЦб ІІ 11677 | ||
| 856 | 4 |
_qpdf _u |
|
| 856 | 4 |
_qpdf _u |
|
| 942 |
_cKNG _n0 _02 |
||
| 944 |
_aCR _c15.01.2003 _kНаталия_Медовщикова |
||
| 944 |
_aED _c04.03.2008 _k |
||
| 999 |
_c277 _d277 |
||